[Event "NEP-ch Seniors 5th"]
[Site "Kathmandu"]
[Date "2022.11.06"]
[Round "4"]
[White "Sharma, Bhagawati Prasad"]
[Black "Chaudhary, Bhubaneshwar"]
[Result "1-0"]
[WhiteElo "1791"]
[BlackElo "1723"]
[PlyCount "91"]
[EventDate "2022.11.05"]
[EventType "swiss"]
[EventRounds "7"]
[EventCountry "NEP"]
[SourceTitle "CBM 211 Extra"]
[Source "ChessBase"]
[SourceDate "2023.01.31"]
[SourceVersion "1"]
[SourceVersionDate "2023.01.31"]
[SourceQuality "1"]

1. d4 d5 2. c4 c6 3. Nf3 a6 4. e3 Nf6 5. Nc3 Bg4 6. b3 e6 7. Bb2 Bb4 8. Bd3 Qa5 9. Qc2 Ne4 10. Bxe4 dxe4 11. Nd2 f5 12. c5 Bh5 13. Nc4 Qc7 14. Nd6+ Ke7 15. a3 Bxc3+ 16. Qxc3 Rg8 17. 0-0 Nd7 18. b4 Nf6 19. a4 Nd5 20. Qb3 Be2 21. Rfe1 Bd3 22. Ba3 g5 23. Rad1 h5 24. Rxd3 exd3 25. Qxd3 Nf6 26. f3 g4 27. Kh1 Rg7 28. e4 fxe4 29. fxe4 Rag8 30. Qg3 Kd7 31. Bc1 Kd8 32. Rf1 Qe7 33. Bf4 Ne8 34. Be5 Rf8 35. Qd3 Nxd6 36. cxd6 Rxf1+ 37. Qxf1 Qf7 38. Bf6+ Kd7 39. e5 Rg5 40. b5 Rf5 41. bxc6+ bxc6 42. Qxa6 Rxf6 43. Qb7+ Kd8 44. Qb8+ Kd7 45. Qc7+ Ke8 46. Qc8# 1-0

[Event "NEP-ch Seniors 5th"]
[Site "Kathmandu"]
[Date "2022.11.05"]
[Round "2"]
[White "Tandukar, Nabin"]
[Black "Chaudhary, Bhubaneshwar"]
[Result "1-0"]
[WhiteElo "1812"]
[BlackElo "1723"]
[PlyCount "53"]
[EventDate "2022.11.05"]
[EventType "swiss"]
[EventRounds "7"]
[EventCountry "NEP"]
[SourceTitle "CBM 211 Extra"]
[Source "ChessBase"]
[SourceDate "2023.01.31"]
[SourceVersion "1"]
[SourceVersionDate "2023.01.31"]
[SourceQuality "1"]

1. e4 e5 2. Nf3 d6 3. Bc4 Be7 4. 0-0 Nf6 5. Re1 0-0 6. d3 Nc6 7. a3 Bg4 8. h3 Bh5 9. Be3 a6 10. Nbd2 b5 11. Bb3 Nd4 12. Bxd4 exd4 13. g4 Bg6 14. Nxd4 Qd7 15. Nf1 h5 16. Nf5 hxg4 17. hxg4 c6 18. N1g3 Rae8 19. g5 Nh7 20. Qg4 Qa7 21. Nxe7+ Qxe7 22. f4 Kh8 23. Kg2 f6 24. f5 Bf7 25. Bxf7 Qxf7 26. g6 Qg8 27. Rh1 1-0